000 00585nam a22001457a 4500
020 _a978-93-90-166-26-8
082 _a154
_bHOU/P
100 _aHOUSEL, MORGAN
245 _aTHE PSYCHOLOGY OF MONEY:TIMELESS LESSONS ON WEALTH, GREED,AND HAPPINESS
_bTHE PSYCHOLOGY OF MONEY:TIMELESS LESSONS ON WEALTH, GREED,AND HAPPINESS
246 _aTHE PSYCHOLOGY OF MONEY:TIMELESS LESSONS ON WEALTH, GREED,AND HAPPINESS
_bTHE PSYCHOLOGY OF MONEY:TIMELESS LESSONS ON WEALTH, GREED,AND HAPPINESS
260 _aBANGALORE
_bJAICO
_c2024
300 _a242
650 _aPSYCHOLOGY FINANCE
942 _cBK
999 _c9077
_d9077